Dekompozícia časových radov (ČR) a ich prognostická aplikácia

Uložené v:
Podrobná bibliografia
Hlavný autor: Surmanová, Kvetoslava
Korporativný autor: Fakulta hospodárskej informatiky EU. Katedra operačného výskumu a ekonometrie
Médium: Kniha
Jazyk:Slovak
Vydavateľské údaje: Bratislava 2014
Predmet:
Tagy: Pridať tag
Žiadne tagy, Buďte prvý, kto otaguje tento záznam!

MARC

LEADER 00000nam a2200000 4500
001 0198310
005 20240502073341.7
041 0 |a slo 
044 |a SK 
245 1 0 |a Dekompozícia časových radov (ČR) a ich prognostická aplikácia  |c Kvetoslava Surmanová 
264 1 |a Bratislava  |c 2014 
300 |a [37 s., 4,08 NS] 
610 2 0 |a rady časové 
610 2 0 |a modely prognostické 
610 2 0 |a prognózovanie 
100 1 |a Surmanová, Kvetoslava 
710 2 |a Fakulta hospodárskej informatiky EU. Katedra operačného výskumu a ekonometrie